Úsměvy, zkušenosti, výstřednosti

Saved in:
Bibliographic Details
Main Author Karel, Nešpor
Format Electronic eBook
LanguageCzech
Published Portál 2020
Edition1. elektronické vydání
Subjects
Online AccessDostupné v BOOKPORT po přihlášení pomocí eduID
ISBN978-80-262-1680-3
978-80-262-1687-2
978-80-262-1669-8
Physical Description1 online zdroj (144 stran)

Cover

LEADER 00000nam a2200000 i 4500
001 bkp267315093
003 CZ-prgp
005 20201016163005.0
006 m o d
007 cr cn
008 201016s2020 xr o 000 0 cze
020 |a 978-80-262-1680-3  |c 192 Kč  |q (online ; pdf) 
020 |a 978-80-262-1687-2  |c 192 Kč  |q (online ; epub) 
020 |a 978-80-262-1669-8  |c 249 Kč  |q (print) 
040 |a Grada  |b cze  |e rda 
100 1 |a Karel, Nešpor 
245 1 0 |a Úsměvy, zkušenosti, výstřednosti  |c Nešpor Karel 
250 |a 1. elektronické vydání 
264 1 |b Portál  |c 2020 
300 |a 1 online zdroj (144 stran) 
336 |a text  |b txt  |2 rdacontent 
337 |a počítač  |b c  |2 rdamedia 
338 |a online zdroj  |b cr  |2 rdacarrier 
520 3 |a "Kdybych měl plnovous, tak se nebudu ke kuřákům raději ani přibližovat!"Známý český psychiatr se ve čtyřech oddílech knihy opět pozastavuje nad absurditami každodenního života i nad jeho krásou, které si povšimne jen ten, kdo si na ni udělá čas. Nechybí ani půvabné historky z abstinentského života. První část knihy se věnuje různým aspektům smíchu a úsměvu, druhá část se zabývá mj. bludy a bludíky, cudnou a necudnou reklamou či transformačním účinkem vděčnosti a třetí část pojednává o vhodných technikách a návodech vedoucích k tělesné i duševní vyrovnanosti.Najdete zde krátké příběhy - zamyšlení, pousmání, tu a tam zenovou kontemplaci nebo krátký, úderný verš. Čtenáře textem opět doprovází mudrlant pan Zkoumal.MUDr. Karel Nešpor, CSc., je český psychiatr specializovaný na léčbu návykových nemocí, publicista a pedagog. V Portále vyšla řada jeho úspěšných knih, mj. Kudy do pohody, Jak být milejší, Střízlivě, většinou vesele, Jde to i s úsměvem. 
650 0 4 |a Psychologie pro každého 
856 4 0 |u https://www.bookport.cz/AccountSaml/SignIn/?idp=https://shibboleth.utb.cz/idp/shibboleth&returnUrl=/kniha/usmevy-zkusenosti-vystrednosti-6776/  |y Dostupné v BOOKPORT po přihlášení pomocí eduID